| 000 | 00622nam a2200193Ia 4500 | ||
|---|---|---|---|
| 008 | 151121s9999||||xx |||||||||||||| ||und|| | ||
| 082 | _a812/खरे | ||
| 082 | _bHNW-35644 | ||
| 100 | _aखरे सुरेश | ||
| 245 | _aकाचेचा चंद्र | ||
| 260 | _b"जोशी ब्रदर्स बुकसेलर्स & पब्लि।, पुणे" | ||
| 260 | _c-- | ||
| 300 | _a88 | ||
| 600 | _aखरे सुरेश | ||
| 630 | _aकाचेचा चंद्र | ||
| 700 | _aखरे सुरेश | ||
| 730 | _aकाचेचा चंद्र | ||
| 942 | _cBOOK | ||
| 999 |
_c1228044 _d1228041 |
||